ՀՀ Գիտությունների ազգային ակադեմիայի հիմնարար գիտական գրադարան  =   Fundamental Scientific Library of NAS RA

Мировая торговля в эпоху великого экономического кризиса, 1917-1921 г.г. : (Record no. 535533)

MARC details
000 -LEADER
fixed length control field 00790nam a2200205 a 4500
001 - CONTROL NUMBER
control field 1171347
003 - CONTROL NUMBER IDENTIFIER
control field AM-YeHGA
005 - DATE AND TIME OF LATEST TRANSACTION
control field 20251015155613.0
008 - FIXED-LENGTH DATA ELEMENTS--GENERAL INFORMATION
fixed length control field 170629s1921 ru |||||||||||000|0|rus|d
040 ## - CATALOGING SOURCE
Original cataloging agency AM-YeHGA
041 0# - LANGUAGE CODE
Language code of text/sound track or separate title rus
100 1# - MAIN ENTRY--PERSONAL NAME
Personal name Дитякин, Валентин Тихонович,
Dates associated with a name 1896-1956
245 10 - TITLE STATEMENT
Title Мировая торговля в эпоху великого экономического кризиса, 1917-1921 г.г. :
Remainder of title (Эскиз) /
Statement of responsibility, etc. В.Дитякин.
260 ## - PUBLICATION, DISTRIBUTION, ETC.
Place of publication, distribution, etc. Казань :
Name of publisher, distributor, etc. Гос. изд. [и] Изд. отд. ПУПВО,
Date of publication, distribution, etc. 1921.
300 ## - PHYSICAL DESCRIPTION
Extent 104 с. :
Dimensions 27 см.
500 ## - GENERAL NOTE
General note Библиогр. в тексте
650 14 - SUBJECT ADDED ENTRY--TOPICAL TERM
Topical term or geographic name entry element Мировая торговля
650 14 - SUBJECT ADDED ENTRY--TOPICAL TERM
Topical term or geographic name entry element Экономический кризис
942 ## - ADDED ENTRY ELEMENTS (KOHA)
Source of classification or shelving scheme Universal Decimal Classification
Koha item type Գրքեր / Books
Holdings
Withdrawn status Lost status Damaged status Not for loan Collection Home library Current library Date acquired Total checkouts Full call number Barcode Date last seen Price effective from Koha item type Public note
        Kusikian Individual Collection Fundamental Scientific Library Fundamental Scientific Library 26/06/2025   Кус/3214 FL0692512 26/06/2025 26/06/2025 Գրքեր / Books Ill Non-Circ


ՀՀ ԳԱԱ հիմնարար գիտական գրադարան
ՀՀ,Երևան 0019
Մարշալ Բաղրամյան 24/6
հեռախոս:(374-10) 52-47-50
Հետադարձ կապ

All site content, except where otherwise noted, is licensed under a
Creative Commons License